[Event "SVK-ch U14"]
[Site "Liptovsky Mikulas"]
[Date "2016.04.16"]
[Round "1"]
[White "Valastan, Adam"]
[Black "Durica, Adam"]
[Result "0-1"]
[WhiteElo "1286"]
[BlackElo "1706"]
[PlyCount "120"]
[EventDate "2016.04.16"]
[EventType "swiss"]
[EventRounds "9"]
[EventCountry "SVK"]
[SourceTitle "CBM 172 Extra"]
[Source "ChessBase"]
[SourceDate "2016.06.21"]
[SourceVersion "1"]
[SourceVersionDate "2016.06.21"]
[SourceQuality "1"]

1. d4 g6 2. c4 Bg7 3. Nc3 Nf6 4. Bg5 d6 5. Nf3 Bg4 6. e3 Nbd7 7. Be2 c6 8. h3 Bxf3 9. Bxf3 e5 10. d5 c5 11. Ne4 Qb6 12. Nxf6+ Bxf6 13. Bxf6 Nxf6 14. Qa4+ Ke7 15. Rb1 a5 16. a3 Nd7 17. e4 f5 18. Ke2 Qa6 19. Qc2 fxe4 20. Bxe4 Nf6 21. a4 Rhf8 22. g3 Kd7 23. b3 Kc7 24. Qd3 b6 25. Rbf1 Rae8 26. Kd2 Qc8 27. Kc2 Re7 28. Rh2 Ref7 29. Kc3 Nh5 30. Qe3 Nf6 31. Qd3 Nxe4+ 32. Qxe4 Rf3+ 33. Kc2 Qf5 34. Qxf5 R8xf5 35. Kb2 e4 36. Kc2 e3 37. Kd3 exf2+ 38. Ke2 Rxg3 39. Rfxf2 Rxf2+ 40. Kxf2 Rxb3 41. Ke1 Rb1+ 42. Kf2 Rb2+ 43. Kg3 Rxh2 44. Kxh2 Kd7 45. Kg3 Ke7 46. Kg4 Kf6 47. Kf4 h6 48. h4 g5+ 49. hxg5+ hxg5+ 50. Ke4 Kg6 51. Ke3 Kf5 52. Kf3 Ke5 53. Kg4 Kd4 54. Kxg5 Kxc4 55. Kf5 Kxd5 56. Kf4 Kd4 57. Kf3 Kd3 58. Kf2 Kd2 59. Kf3 c4 60. Ke4 c3 0-1

[Event "SVK-ch U14"]
[Site "Tatralandia"]
[Date "2015.04.25"]
[Round "9"]
[White "Ciglian, Michal"]
[Black "Valastan, Adam"]
[Result "1-0"]
[WhiteElo "1467"]
[BlackElo "1151"]
[PlyCount "111"]
[EventDate "2015.04.18"]
[EventType "swiss"]
[EventRounds "9"]
[EventCountry "SVK"]
[SourceTitle "CBM 166 Extra"]
[Source "ChessBase"]
[SourceDate "2015.06.18"]
[SourceVersion "1"]
[SourceVersionDate "2015.06.18"]
[SourceQuality "1"]

1. d4 d5 2. c4 e6 3. Nc3 Nf6 4. Bg5 Be7 5. e3 0-0 6. Nf3 c6 7. cxd5 cxd5 8. Bd3 Nbd7 9. 0-0 b6 10. Nd2 Bb7 11. f4 g6 12. Rc1 a6 13. g4 Kg7 14. Kh1 h6 15. Bh4 Nh7 16. Bxe7 Qxe7 17. Qb3 Rfc8 18. Qc2 Rc7 19. f5 Rf8 20. fxg6 fxg6 21. Rxf8 Qxf8 22. Bxg6 Ndf6 23. Rf1 Qg8 24. Bxh7 Nxh7 25. Qb3 b5 26. Qb4 Rf7 27. Rxf7+ Qxf7 28. Qd6 Ng5 29. Qe5+ Kg6 30. Kg2 Qf6 31. Qxf6+ Kxf6 32. h4 Nf7 33. Kg3 Nd6 34. Kf4 Nf7 35. Nf3 Bc6 36. Ne2 b4 37. Ng3 Kg6 38. Ne5+ Nxe5 39. Kxe5 Bd7 40. Kd6 Bb5 41. Kxe6 Bc4 42. b3 Bb5 43. Kxd5 Kf6 44. e4 Bd3 45. e5+ Ke7 46. Nf5+ Bxf5 47. gxf5 h5 48. f6+ Kd7 49. e6+ Kd8 50. Kd6 a5 51. e7+ Kc8 52. e8Q+ Kb7 53. Qc6+ Kb8 54. f7 a4 55. f8Q+ Ka7 56. Qfa8# 1-0

[Event "SVK-ch U14"]
[Site "Tatralandia"]
[Date "2015.04.21"]
[Round "5"]
[White "Valastan, Adam"]
[Black "Bielik, Jakub"]
[Result "0-1"]
[WhiteElo "1151"]
[BlackElo "1409"]
[PlyCount "111"]
[EventDate "2015.04.18"]
[EventType "swiss"]
[EventRounds "9"]
[EventCountry "SVK"]
[SourceTitle "CBM 166 Extra"]
[Source "ChessBase"]
[SourceDate "2015.06.18"]
[SourceVersion "1"]
[SourceVersionDate "2015.06.18"]
[SourceQuality "1"]

1. d4 d5 2. c4 e6 3. Nc3 c5 4. Nf3 Nc6 5. e3 Nf6 6. cxd5 exd5 7. dxc5 Bxc5 8. Be2 0-0 9. 0-0 Bf5 10. Re1 Nb4 11. Rf1 Re8 12. Nd4 Bxd4 13. exd4 Ne4 14. Nxe4 Bxe4 15. a3 Nc2 16. Ra2 Rc8 17. Bd3 Nxd4 18. Bxe4 dxe4 19. Be3 Nc6 20. Qxd8 Rexd8 21. Raa1 Rd3 22. Rfd1 Rcd8 23. Rxd3 exd3 24. Rd1 a6 25. Kf1 f6 26. Ke1 Ne5 27. Kd2 g5 28. Kc3 h5 29. Bd4 Rc8+ 30. Kb3 Rc2 31. Bxe5 fxe5 32. Rxd3 Rxf2 33. Rg3 g4 34. Kc3 Kf7 35. b3 Kg6 36. h3 Kg5 37. hxg4 hxg4 38. Re3 Kf4 39. Kd3 Rxg2 40. Re4+ Kf5 41. Re1 Rf2 42. Rh1 e4+ 43. Kd4 Kf4 44. Rg1 g3 45. Rh1 g2 46. Rh4+ Kg3 47. Rh8 Rf4 48. Ke3 g1Q+ 49. Kd2 Qh2+ 50. Rxh2 Kxh2 51. Ke3 Kg3 52. a4 a5 53. Ke2 Rf3 54. Kd2 Rd3+ 55. Kc1 e3 56. Kc2 0-1

[Event "SVK-ch U14"]
[Site "Tatralandia"]
[Date "2015.04.18"]
[Round "1"]
[White "Valastan, Adam"]
[Black "Verbovsky, Michal"]
[Result "0-1"]
[WhiteElo "1151"]
[BlackElo "1631"]
[PlyCount "120"]
[EventDate "2015.04.18"]
[EventType "swiss"]
[EventRounds "9"]
[EventCountry "SVK"]
[SourceTitle "CBM 166 Extra"]
[Source "ChessBase"]
[SourceDate "2015.06.18"]
[SourceVersion "1"]
[SourceVersionDate "2015.06.18"]
[SourceQuality "1"]

1. d4 Nf6 2. c4 e6 3. Nc3 Bb4 4. Bd2 b6 5. e3 Bb7 6. Nf3 0-0 7. Be2 d5 8. cxd5 Nxd5 9. Nxd5 Bxd2+ 10. Qxd2 Bxd5 11. 0-0 Nd7 12. b3 f5 13. Rac1 c5 14. dxc5 Nxc5 15. Rfd1 Bb7 16. Qxd8 Raxd8 17. Ne5 Rd5 18. Rxd5 Bxd5 19. Bc4 Bxc4 20. Nxc4 Rd8 21. g3 Ne4 22. Kf1 h6 23. Ke2 Rc8 24. f3 Nd6 25. Kd2 Nxc4+ 26. Rxc4 Rxc4 27. bxc4 Kf7 28. Kc3 Ke7 29. Kb4 Kd6 30. f4 Kc6 31. a4 a5+ 32. Kc3 Kc5 33. Kb3 Kd6 34. Kc3 e5 35. Kd3 Ke6 36. e4 g6 37. h3 Kd6 38. exf5 gxf5 39. h4 e4+ 40. Kd4 h5 41. Kc3 Kc5 42. g4 fxg4 43. f5 Kd6 44. Kd4 g3 45. f6 g2 46. f7 g1Q+ 47. Kxe4 Qg6+ 48. Kf4 Qxf7+ 49. Kg5 Qxc4 50. Kxh5 Qxa4 51. Kg5 Qxh4+ 52. Kxh4 a4 53. Kg4 a3 54. Kf3 a2 55. Ke2 a1Q 56. Kd3 Qa4 57. Kc3 Kd5 58. Kd3 Qb3+ 59. Kd2 Ke4 60. Kc1 Qa2 0-1

[Event "SVK-ch U12"]
[Site "Stara Lubovna"]
[Date "2014.04.12"]
[Round "9"]
[White "Ciglian, Michal"]
[Black "Valastan, Adam"]
[Result "1/2-1/2"]
[WhiteElo "1177"]
[BlackElo "1000"]
[PlyCount "111"]
[EventDate "2014.04.05"]
[EventType "swiss"]
[EventRounds "9"]
[EventCountry "SVK"]
[SourceTitle "EXT 2016"]
[Source "ChessBase"]
[SourceDate "2015.10.08"]
[SourceVersion "1"]
[SourceVersionDate "2015.10.08"]
[SourceQuality "1"]

1. d4 d5 2. c4 e6 3. Nc3 Nf6 4. Bg5 Be7 5. e3 c6 6. Nf3 Nbd7 7. cxd5 exd5 8. Bd3 0-0 9. 0-0 h6 10. Bh4 Nb6 11. Ne5 Bd6 12. Bc2 Nbd7 13. f4 Re8 14. Qd3 Nf8 15. Rf3 Be6 16. f5 Bd7 17. Nxd7 N8xd7 18. h3 Qb6 19. Bb3 Qc7 20. Re1 Qd8 21. g4 Bb8 22. Bg3 Bxg3 23. Rxg3 Qc7 24. Kg2 Ne4 25. Nxe4 dxe4 26. Qc4 Nb6 27. Qc3 Rad8 28. g5 h5 29. Bd1 h4 30. Rg4 Nd5 31. Qd2 Qc8 32. f6 gxf6 33. gxf6+ Kf8 34. Qf2 Qe6 35. Rf1 Rd6 36. Qxh4 Nxf6 37. Qh8+ Ke7 38. Qh4 Qxa2 39. Rxe4+ Kd7 40. Bg4+ Nxg4 41. Qxg4+ Kd8 42. Rxe8+ Kxe8 43. Qg8+ Ke7 44. Qg5+ f6 45. Qg7+ Qf7 46. Qxf7+ Kxf7 47. Ra1 a6 48. h4 f5 49. Kg3 Rg6+ 50. Kf4 Ke6 51. Rh1 a5 52. Kf3 Rf6 53. h5 Rh6 54. Kf4 Kf6 55. e4 fxe4 56. Kxe4 1/2-1/2

[Event "SVK-ch U12"]
[Site "Stara Lubovna"]
[Date "2014.04.07"]
[Round "3"]
[White "Matis, Daniel"]
[Black "Valastan, Adam"]
[Result "1-0"]
[WhiteElo "1227"]
[BlackElo "1000"]
[PlyCount "111"]
[EventDate "2014.04.05"]
[EventType "swiss"]
[EventRounds "9"]
[EventCountry "SVK"]
[SourceTitle "EXT 2016"]
[Source "ChessBase"]
[SourceDate "2015.10.08"]
[SourceVersion "1"]
[SourceVersionDate "2015.10.08"]
[SourceQuality "1"]

1. e4 e5 2. Nf3 d6 3. Bc4 Nf6 4. Nc3 b6 5. h3 Bb7 6. d3 d5 7. exd5 Nxd5 8. 0-0 Nxc3 9. bxc3 e4 10. Ng5 Bd5 11. Bxd5 Qxd5 12. Nxe4 Nd7 13. Re1 Be7 14. Qf3 0-0 15. Qg3 h6 16. Bxh6 g6 17. Bxf8 Bxf8 18. Ng5 Bd6 19. Qf3 Qxf3 20. Nxf3 Bf4 21. Re2 Nf6 22. Rae1 Kf8 23. g3 Bd6 24. Ng5 Rd8 25. Ne4 Be7 26. Nxf6 Bxf6 27. c4 Bc3 28. Rd1 c5 29. Kg2 a5 30. Rb1 Rb8 31. f4 a4 32. h4 a3 33. Rb3 Bb2 34. g4 Kg7 35. c3 Rd8 36. Rexb2 axb2 37. Rxb2 Rxd3 38. Rxb6 Rd2+ 39. Kf3 Rxa2 40. Rb5 Ra3 41. Rxc5 Rxc3+ 42. Ke4 Rh3 43. h5 gxh5 44. gxh5 Ra3 45. Kf5 Ra6 46. Kg5 f6+ 47. Kg4 Ra7 48. Rc6 Rf7 49. Kf5 Rf8 50. h6+ Kxh6 51. Rxf6+ Rxf6+ 52. Kxf6 Kh5 53. c5 Kg4 54. c6 Kxf4 55. c7 Ke4 56. c8Q 1-0

[Event "SVK-ch U12"]
[Site "Stara Lubovna"]
[Date "2014.04.07"]
[Round "4"]
[White "Valastan, Adam"]
[Black "Cuker, Oliver"]
[Result "0-1"]
[WhiteElo "1000"]
[BlackElo "1116"]
[PlyCount "74"]
[EventDate "2014.04.05"]
[EventType "swiss"]
[EventRounds "9"]
[EventCountry "SVK"]
[SourceTitle "EXT 2016"]
[Source "ChessBase"]
[SourceDate "2015.10.08"]
[SourceVersion "1"]
[SourceVersionDate "2015.10.08"]
[SourceQuality "1"]

1. e4 d5 2. e5 c5 3. Nf3 Bf5 4. d4 cxd4 5. Nxd4 Bd7 6. g3 e6 7. Bg2 Bc5 8. Be3 Ne7 9. Qg4 Ng6 10. 0-0 0-0 11. c4 dxc4 12. Bxb7 Bxd4 13. Bxd4 Bc6 14. Bxa8 Bxa8 15. Bc5 Qd5 16. Qh3 Qxc5 17. Re1 Nxe5 18. Qh5 Nf3+ 19. Qxf3 Bxf3 20. Nd2 Bc6 21. Rac1 Qd5 22. Ne4 Qf5 23. f3 Qxf3 24. Rc3 Qf5 25. Rxc4 Bxe4 26. Rcxe4 Rd8 27. Rb4 Qc5+ 28. Kg2 Qxb4 29. Re2 Rd2 30. Rxd2 Qxd2+ 31. Kf3 Qxb2 32. a4 Nc6 33. Kg4 Qxh2 34. a5 f5+ 35. Kf4 Qf2+ 36. Kg5 Qxg3+ 37. Kh5 Qg4# 0-1

[Event "SVK-ch U12"]
[Site "Stara Lubovna"]
[Date "2014.04.05"]
[Round "1"]
[White "Valastan, Adam"]
[Black "Steiniger, Florian"]
[Result "0-1"]
[WhiteElo "1000"]
[BlackElo "1215"]
[PlyCount "78"]
[EventDate "2014.04.05"]
[EventType "swiss"]
[EventRounds "9"]
[EventCountry "SVK"]
[SourceTitle "EXT 2016"]
[Source "ChessBase"]
[SourceDate "2015.10.08"]
[SourceVersion "1"]
[SourceVersionDate "2015.10.08"]
[SourceQuality "1"]

1. e4 e5 2. Nf3 Nc6 3. Bc4 Nf6 4. Nc3 d6 5. h3 Be7 6. 0-0 0-0 7. d3 b6 8. Nd5 Bb7 9. Be3 Na5 10. a3 Nxc4 11. Nxf6+ Bxf6 12. dxc4 c6 13. b4 d5 14. cxd5 cxd5 15. exd5 Bxd5 16. Bg5 Bxg5 17. Nxg5 e4 18. Qh5 h6 19. h4 hxg5 20. hxg5 Be6 21. Rad1 Qc7 22. Qe2 Bc4 23. Qxe4 Bxf1 24. Rxf1 Rfe8 25. Qf5 Qe5 26. Qd7 Qxg5 27. c4 Re7 28. Qd6 Rae8 29. Qd1 Qh4 30. g3 Qxc4 31. f3 Qc3 32. Kf2 Qb2+ 33. Kg1 Qxa3 34. Kg2 Qxb4 35. g4 Re1 36. Rxe1 Qxe1 37. Qd7 Re2+ 38. Kh3 Qh1+ 39. Kg3 Qh2# 0-1